Транзисторные радиоприемники, радиолы, электрофоны, магнитофоны: справочник

ग्रंथसूची विवरण
मुख्य लेखक: Анисимов Н. В. Николай Викторович
भाषा:रूसी
प्रकाशित: Киев, Технiка, 1982
संस्करण:4-е изд., перераб., доп.
विषय:
स्वरूप: पुस्तक
KOHA link:https://koha.lib.tpu.ru/cgi-bin/koha/opac-detail.pl?biblionumber=315195

MARC

LEADER 00000nam0a2200000 4500
001 315195
005 20231102002743.0
020 |a RU  |b 82-57452 
035 |a (RuTPU)RU\TPU\book\340628 
090 |a 315195 
100 |a 20160226d1982 km a0rusy5003 ca 
101 0 |a rus 
102 |a RU 
105 |a y g 001zy 
200 1 |a Транзисторные радиоприемники, радиолы, электрофоны, магнитофоны  |e справочник  |f Н. В. Анисимов 
205 |a 4-е изд., перераб., доп. 
210 |a Киев  |c Технiка  |d 1982 
215 |a 352 с.  |c ил.  |d 22 см. 
320 |a Библиогр.: с. 352 
606 1 |a Радиоприемники полупроводниковые  |x Расчет  |2 stltpush  |3 (RuTPU)RU\TPU\subj\22997  |9 47667 
606 1 |a Электрофоны  |2 stltpush  |3 (RuTPU)RU\TPU\subj\20993  |9 46049 
610 1 |a переносные радиоприемники 
610 1 |a стационарные радиолы 
610 1 |a автомобильные радиоприемники 
610 1 |a усилители 
610 1 |a магнитофоны 
610 1 |a транзисторная аппаратура 
610 1 |a настройка 
610 1 |a ремонт 
610 1 |a регулировка 
610 1 |a справочники 
675 |a 621.396.62:621.382(035)  |z rus  |v 4 
675 |a 681.844(035)  |z rus  |v 4 
700 1 |a Анисимов  |b Н. В.  |g Николай Викторович  |4 070 
801 0 |a RU  |b RuMRKP  |c 19950704  |g psbo 
801 1 |a RU  |b 63413507  |c 20160226 
801 2 |a RU  |b 63413507  |c 20200716  |g RCR 
942 |c BK